[Event "FIN-chT 0910"]
[Site "Finland"]
[Date "2009.09.19"]
[Round "1.1"]
[White "Rychagov, Mikhail"]
[Black "Veingold, Aleksandr"]
[Result "1/2-1/2"]
[WhiteElo "2479"]
[BlackElo "2468"]
[PlyCount "35"]
[EventDate "2009.09.19"]
[EventType "team-tourn"]
[EventRounds "9"]
[EventCountry "FIN"]
[SourceTitle "EXT 2022"]
[Source "ChessBase"]
[SourceDate "2021.10.06"]
[SourceVersion "1"]
[SourceVersionDate "2021.10.06"]
[SourceQuality "1"]
[WhiteTeam "Helsinki Garde"]
[BlackTeam "Tampere Tammer"]
[WhiteTeamCountry "FIN"]
[BlackTeamCountry "FIN"]

1. e4 c5 2. Nf3 d6 3. d4 cxd4 4. Nxd4 Nf6 5. Nc3 Nc6 6. Bg5 e6 7. Qd2 a6 8. 0-0-0 Bd7 9. f4 b5 10. Bxf6 gxf6 11. Nxc6 Bxc6 12. Bd3 Qb6 13. Rhe1 0-0-0 14. Qe2 h5 15. a4 bxa4 16. Bxa6+ Kb8 17. Bb5 a3 18. Bxc6 1/2-1/2

[Event "Keres Memorial-A"]
[Site "Tallinn"]
[Date "2006.01.13"]
[Round "9"]
[White "Rychagov, Mikhail"]
[Black "Sakalauskas, Vaidas"]
[Result "1-0"]
[WhiteElo "2474"]
[BlackElo "2464"]
[PlyCount "57"]
[EventDate "2006.01.08"]
[EventType "tourn"]
[EventRounds "9"]
[EventCountry "EST"]
[EventCategory "10"]
[SourceTitle "CBM 110 Extra"]
[Source "ChessBase"]
[SourceDate "2006.03.10"]
[SourceVersion "2"]
[SourceVersionDate "2006.03.10"]
[SourceQuality "1"]

1. e4 c5 2. Nf3 d6 3. d4 cxd4 4. Nxd4 Nf6 5. Nc3 g6 6. Be3 Bg7 7. f3 Nc6 8. Qd2 Bd7 9. 0-0-0 Rc8 10. g4 Ne5 11. h4 h5 12. g5 Nh7 13. f4 Ng4 14. f5 Nxe3 15. Qxe3 Qa5 16. Bh3 Nf8 17. f6 exf6 18. Ndb5 Rxc3 19. Nxd6+ Ke7 20. bxc3 Be6 21. Bxe6 Nxe6 22. Rhf1 Rf8 23. Qf3 Qa3+ 24. Kb1 fxg5 25. Nc8+ Ke8 26. Nd6+ Ke7 27. Nc8+ Ke8 28. Qd3 Qa4 29. Qd6 1-0

[Event "Keres Memorial-A"]
[Site "Tallinn"]
[Date "2006.01.08"]
[Round "1"]
[White "Rychagov, Mikhail"]
[Black "Sulskis, Sarunas"]
[Result "1-0"]
[WhiteElo "2474"]
[BlackElo "2504"]
[PlyCount "107"]
[EventDate "2006.01.08"]
[EventType "tourn"]
[EventRounds "9"]
[EventCountry "EST"]
[EventCategory "10"]
[SourceTitle "CBM 110 Extra"]
[Source "ChessBase"]
[SourceDate "2006.03.10"]
[SourceVersion "2"]
[SourceVersionDate "2006.03.10"]
[SourceQuality "1"]

1. e4 e5 2. Nf3 Nc6 3. Bb5 a6 4. Ba4 Nf6 5. 0-0 Be7 6. Re1 b5 7. Bb3 d6 8. c3 0-0 9. h3 Bb7 10. d4 Re8 11. Ng5 Rf8 12. Nf3 Re8 13. Nbd2 Bf8 14. a4 h6 15. Bc2 exd4 16. cxd4 Nb4 17. Bb1 c5 18. d5 Nd7 19. Ra3 c4 20. axb5 axb5 21. Nd4 Ne5 22. Rxa8 Qxa8 23. Nxb5 Nbd3 24. Rf1 Rc8 25. f4 Qa5 26. Na3 c3 27. fxe5 Nxc1 28. bxc3 Qxc3 29. Nac4 dxe5 30. Qxc1 Qd4+ 31. Kh1 Bb4 32. Nf3 Qxc4 33. Qxc4 Rxc4 34. Nxe5 Rc7 35. Bd3 Ba3 36. Bb5 Rc5 37. Rb1 Rc1+ 38. Rxc1 Bxc1 39. Bc6 Bf4 40. Nd3 Bxc6 41. dxc6 Bd6 42. e5 Bc7 43. Nb4 Bxe5 44. Nd5 g5 45. c7 Bxc7 46. Nxc7 f5 47. Kg1 Kf7 48. Kf2 Kf6 49. Ke3 Ke5 50. Nb5 h5 51. g3 h4 52. gxh4 g4 53. hxg4 fxg4 54. Nd4 1-0

[Event "FIN-chT 0506"]
[Site "Finland"]
[Date "2005.10.08"]
[Round "3.1"]
[White "Solozhenkin, Evgeniy"]
[Black "Rychagov, Mikhail"]
[Result "1-0"]
[WhiteElo "2488"]
[BlackElo "2455"]
[PlyCount "71"]
[EventDate "2005.09.10"]
[EventType "team-tourn"]
[EventRounds "9"]
[EventCountry "FIN"]
[SourceTitle "EXT 2022"]
[Source "ChessBase"]
[SourceDate "2021.10.06"]
[SourceVersion "1"]
[SourceVersionDate "2021.10.06"]
[SourceQuality "1"]
[WhiteTeam "Espoo MatSK"]
[BlackTeam "Helsinki Gaia"]
[WhiteTeamCountry "FIN"]
[BlackTeamCountry "FIN"]

1. d4 Nf6 2. c4 e6 3. Nf3 d5 4. g3 dxc4 5. Bg2 a6 6. Ne5 c5 7. Na3 cxd4 8. Naxc4 Bc5 9. Bd2 0-0 10. Nd3 Be7 11. Ba5 Qe8 12. Nb6 Ra7 13. Nxc8 Qxc8 14. Rc1 Nc6 15. Bb6 Ra8 16. Bxd4 Qd8 17. Bxf6 Bxf6 18. Bxc6 bxc6 19. Qa4 Qd5 20. 0-0 Qb5 21. Qc4 Rfb8 22. b3 Rc8 23. Rc2 Be7 24. Rd1 g6 25. Qf4 Ra7 26. Ne5 Bf8 27. Rd3 c5 28. Rcd2 Qe8 29. Nd7 Qe7 30. h4 h5 31. Nb6 Rc6 32. Nc4 Rc8 33. Qe4 Bg7 34. e3 Rb8 35. Na5 Rf8 36. Kg2 1-0

[Event "Keres Memorial-A"]
[Site "Tallinn"]
[Date "2005.09.02"]
[Round "6"]
[White "Seeman, Tarvo"]
[Black "Rychagov, Mikhail"]
[Result "1/2-1/2"]
[WhiteElo "2405"]
[BlackElo "2455"]
[PlyCount "65"]
[EventDate "2005.08.30"]
[EventType "tourn (rapid)"]
[EventRounds "9"]
[EventCountry "EST"]
[EventCategory "9"]
[SourceTitle "CBM 108 Extra"]
[Source "ChessBase"]
[SourceDate "2005.11.04"]
[SourceVersion "1"]
[SourceVersionDate "2005.11.04"]
[SourceQuality "1"]

1. Nf3 d5 2. g3 Nc6 3. d4 Bg4 4. Nbd2 Qd6 5. Bg2 0-0-0 6. 0-0 Nf6 7. c4 dxc4 8. Nxc4 Qb4 9. Nce5 Bxf3 10. Nxf3 Nxd4 11. Nxd4 Rxd4 12. Qc2 Qc4 13. Qb1 Qxe2 14. Be3 Rb4 15. b3 e6 16. a3 Rb5 17. Rc1 Qh5 18. Qc2 Bd6 19. a4 Rb4 20. Bd2 Rd4 21. Bc3 Rg4 22. Bxf6 gxf6 23. Qd1 Rd8 24. Qf3 Kd7 25. Qxb7 Qa5 26. Qf3 f5 27. Rd1 Ke7 28. Rac1 Qb4 29. Bf1 Qe4 30. Qc3 Qe5 31. Qf3 Qe4 32. Qc3 Qe5 33. Qf3 1/2-1/2

[Event "Keres Memorial-A"]
[Site "Tallinn"]
[Date "2005.09.01"]
[Round "4"]
[White "Miezis, Normunds"]
[Black "Rychagov, Mikhail"]
[Result "1-0"]
[WhiteElo "2527"]
[BlackElo "2455"]
[PlyCount "123"]
[EventDate "2005.08.30"]
[EventType "tourn (rapid)"]
[EventRounds "9"]
[EventCountry "EST"]
[EventCategory "9"]
[SourceTitle "CBM 108 Extra"]
[Source "ChessBase"]
[SourceDate "2005.11.04"]
[SourceVersion "1"]
[SourceVersionDate "2005.11.04"]
[SourceQuality "1"]

1. c4 e6 2. e4 d5 3. exd5 exd5 4. d4 Nf6 5. Nc3 Be7 6. cxd5 Nxd5 7. Bd3 Nc6 8. Nf3 0-0 9. 0-0 Bf6 10. Bb1 Re8 11. h3 Nb6 12. Be3 Be6 13. Re1 g6 14. a3 Nc4 15. Be4 Nd6 16. Bd3 Nf5 17. Bb5 Bd5 18. Nxd5 Qxd5 19. Qa4 Re4 20. Bxc6 bxc6 21. Rac1 Re6 22. Rc5 Qd6 23. Rec1 Nxe3 24. fxe3 Rxe3 25. Rxc6 Qf4 26. Rf1 Rd8 27. Ne5 Qxd4 28. Qxd4 Rxd4 29. Rfxf6 Rxe5 30. Rxc7 Re2 31. Rcxf7 Rdd2 32. Rf2 Rxb2 33. Rxe2 Rxe2 34. Rxa7 h5 35. a4 Ra2 36. a5 h4 37. a6 Kf8 38. Kf1 Ke8 39. Ke1 Kd8 40. Ra8+ Kc7 41. a7 Kb7 42. Rg8 Kxa7 43. Rxg6 Ra5 44. Kf2 Kb7 45. Kf3 Rh5 46. Rd6 Rh8 47. Kg4 Kc7 48. Rd4 Rh7 49. Kg5 Rg7+ 50. Kxh4 Rxg2 51. Kh5 Rg8 52. h4 Rg1 53. Kh6 Rg2 54. h5 Rg1 55. Rd5 Kc6 56. Rg5 Ra1 57. Kg6 Kd7 58. h6 Ra6+ 59. Kg7 Ra7 60. h7 Ke6+ 61. Kg6 Ra8 62. Rh5 1-0

[Event "Keres Memorial-A"]
[Site "Tallinn"]
[Date "2005.09.01"]
[Round "5"]
[White "Rychagov, Mikhail"]
[Black "Starostits, Ilmars"]
[Result "1/2-1/2"]
[WhiteElo "2455"]
[BlackElo "2474"]
[PlyCount "79"]
[EventDate "2005.08.30"]
[EventType "tourn (rapid)"]
[EventRounds "9"]
[EventCountry "EST"]
[EventCategory "9"]
[SourceTitle "CBM 108 Extra"]
[Source "ChessBase"]
[SourceDate "2005.11.04"]
[SourceVersion "1"]
[SourceVersionDate "2005.11.04"]
[SourceQuality "1"]

1. e4 c5 2. Nf3 d6 3. d4 cxd4 4. Nxd4 Nf6 5. Nc3 g6 6. Be3 Bg7 7. f3 Nc6 8. Qd2 h5 9. 0-0-0 Bd7 10. Be2 Rc8 11. f4 Qa5 12. Nb3 Qc7 13. Kb1 0-0 14. h3 Na5 15. Nxa5 Qxa5 16. Bf3 Be6 17. Nd5 Qa6 18. g4 Rc4 19. Nxe7+ Kh7 20. Qxd6 Qxd6 21. Rxd6 Nxe4 22. Rd3 Re8 23. f5 Rxe7 24. fxe6 Rxe6 25. gxh5 Rb4 26. hxg6+ fxg6 27. Rb3 Rxb3 28. cxb3 Nc3+ 29. bxc3 Rxe3 30. Bxb7 Bxc3 31. Kc2 Be5 32. Ba6 Kh6 33. Bd3 a5 34. Rg1 g5 35. Bf5 Re2+ 36. Kd3 Rxa2 37. Re1 Bf6 38. Re6 Kg7 39. Ra6 Bd8 40. Ra8 1/2-1/2

[Event "Heart of Finland op 15th"]
[Site "Jyvaskyla"]
[Date "2005.07.??"]
[Round "8"]
[White "Goloshchapov, Alexander"]
[Black "Rychagov, Mikhail"]
[Result "0-1"]
[WhiteElo "2519"]
[BlackElo "2395"]
[PlyCount "82"]
[EventDate "2005.07.18"]
[EventType "swiss"]
[EventRounds "10"]
[EventCountry "FIN"]
[SourceTitle "EXT 2022"]
[Source "ChessBase"]
[SourceDate "2021.10.06"]
[SourceVersion "1"]
[SourceVersionDate "2021.10.06"]
[SourceQuality "1"]

1. e4 e5 2. Nf3 Nf6 3. Nxe5 d6 4. Nf3 Nxe4 5. d4 d5 6. Bd3 Nc6 7. 0-0 Be7 8. Re1 Bg4 9. c3 f5 10. Qb3 0-0 11. Nbd2 Na5 12. Qa4 Nc6 13. Qb3 Na5 14. Qc2 Nc6 15. b4 a6 16. Rb1 b5 17. a4 Rb8 18. axb5 axb5 19. Nf1 Bd6 20. Ne5 Bxe5 21. dxe5 Nxe5 22. Bf4 Ng6 23. Be3 f4 24. Bxe4 dxe4 25. Bc5 Rf7 26. Nd2 f3 27. g3 Bf5 28. Nxe4 Qd7 29. Qd1 Ne5 30. Qxd7 Rxd7 31. Ra1 Nd3 32. Re3 h6 33. h4 Rbd8 34. Kh2 Bxe4 35. Rxe4 Nxc5 36. bxc5 Rd2 37. Kg1 R8d3 38. Ra7 Rxc3 39. Rxc7 Rc1+ 40. Kh2 Rxf2+ 41. Kh3 h5 0-1

[Event "Heart of Finland op 15th"]
[Site "Jyvaskyla"]
[Date "2005.07.??"]
[Round "10"]
[White "Popov, Valerij"]
[Black "Rychagov, Mikhail"]
[Result "1/2-1/2"]
[WhiteElo "2399"]
[BlackElo "2395"]
[PlyCount "27"]
[EventDate "2005.07.18"]
[EventType "swiss"]
[EventRounds "10"]
[EventCountry "FIN"]
[SourceTitle "EXT 2022"]
[Source "ChessBase"]
[SourceDate "2021.10.06"]
[SourceVersion "1"]
[SourceVersionDate "2021.10.06"]
[SourceQuality "1"]

1. d4 d5 2. Nf3 Nf6 3. c4 dxc4 4. e3 e6 5. Bxc4 c5 6. 0-0 a6 7. Bb3 b5 8. Nc3 Bb7 9. Ne2 Nbd7 10. a4 b4 11. Nf4 Bd6 12. Ng5 Qe7 13. Re1 0-0 14. Bd2 1/2-1/2

[Event "Heart of Finland op 15th"]
[Site "Jyvaskyla"]
[Date "2005.07.??"]
[Round "5"]
[White "Rychagov, Mikhail"]
[Black "Lugovoi, Aleksei"]
[Result "1-0"]
[WhiteElo "2395"]
[BlackElo "2556"]
[PlyCount "87"]
[EventDate "2005.07.18"]
[EventType "swiss"]
[EventRounds "10"]
[EventCountry "FIN"]
[SourceTitle "EXT 2022"]
[Source "ChessBase"]
[SourceDate "2021.10.06"]
[SourceVersion "1"]
[SourceVersionDate "2021.10.06"]
[SourceQuality "1"]

1. e4 c5 2. Nf3 d6 3. d4 cxd4 4. Nxd4 Nf6 5. Nc3 Nc6 6. Bg5 e6 7. Qd2 Be7 8. 0-0-0 Qb6 9. Be2 a6 10. Be3 Qc7 11. g4 b5 12. g5 Nd7 13. Nf5 exf5 14. Nd5 Qb7 15. exf5 Nde5 16. f6 gxf6 17. gxf6 Bd8 18. f4 Nc4 19. Bxc4 bxc4 20. Rhe1 Be6 21. f5 Ba5 22. c3 Ne5 23. fxe6 Nd3+ 24. Kb1 Qxd5 25. exf7+ Kxf7 26. b4 Bd8 27. Rg1 Qe4 28. Bd4 h6 29. Ka1 Rh7 30. Rdf1 Ne5 31. Qf2 Ng6 32. Qg3 Bc7 33. Re1 Qf5 34. Qg2 d5 35. Rgf1 Qg5 36. Qf3 Bd6 37. Qh3 Nf8 38. Rg1 Re8 39. Ref1 Be5 40. Rxg5 hxg5 41. Qf5 Bxd4 42. cxd4 Rd8 43. Re1 Rd7 44. Qxg5 1-0

[Event "Heart of Finland op 15th"]
[Site "Jyvaskyla"]
[Date "2005.07.??"]
[Round "3"]
[White "Rychagov, Mikhail"]
[Black "Molander, Riku"]
[Result "1-0"]
[WhiteElo "2395"]
[BlackElo "2333"]
[PlyCount "91"]
[EventDate "2005.07.18"]
[EventType "swiss"]
[EventRounds "10"]
[EventCountry "FIN"]
[SourceTitle "EXT 2022"]
[Source "ChessBase"]
[SourceDate "2021.10.06"]
[SourceVersion "1"]
[SourceVersionDate "2021.10.06"]
[SourceQuality "1"]

1. e4 e6 2. d4 d5 3. Nc3 Nf6 4. Bg5 dxe4 5. Nxe4 Be7 6. Bxf6 Bxf6 7. Nf3 Nd7 8. Bd3 c5 9. Nxf6+ Qxf6 10. Qe2 cxd4 11. 0-0-0 0-0 12. Qe4 g6 13. Qxd4 Qxd4 14. Nxd4 Nc5 15. Be2 Bd7 16. Bf3 Rad8 17. Rhe1 Rfe8 18. Re3 e5 19. Nb3 Nxb3+ 20. axb3 b6 21. Red3 e4 22. Bxe4 Rxe4 23. Rxd7 Rxd7 24. Rxd7 Re2 25. Rd2 Re1+ 26. Rd1 Re2 27. Rf1 Kg7 28. Kd1 Re5 29. Re1 Rg5 30. g3 Rd5+ 31. Kc1 Kf6 32. Re3 Rh5 33. h4 Rf5 34. f4 a5 35. c4 Rc5 36. Kc2 h5 37. Kc3 Kf5 38. b4 axb4+ 39. Kxb4 Kg4 40. b3 f6 41. Rd3 g5 42. fxg5 fxg5 43. hxg5 Rxg5 44. Rd5 Rg6 45. Kb5 Rh6 46. Rd3 1-0

[Event "EST-ch"]
[Site "Tallinn"]
[Date "2005.05.13"]
[Round "6"]
[White "Seeman, Tarvo"]
[Black "Rychagov, Mikhail"]
[Result "1/2-1/2"]
[WhiteElo "2401"]
[BlackElo "2455"]
[PlyCount "93"]
[EventDate "2005.05.10"]
[EventType "tourn"]
[EventRounds "9"]
[EventCountry "EST"]
[EventCategory "8"]
[SourceTitle "CBM 106 Extra"]
[Source "ChessBase"]
[SourceDate "2005.07.01"]
[SourceVersion "1"]
[SourceVersionDate "2005.07.01"]
[SourceQuality "1"]

1. Nf3 d5 2. c4 dxc4 3. e4 c5 4. Bxc4 Nc6 5. b3 e6 6. Bb2 Nf6 7. Nc3 a6 8. e5 Nd7 9. Qe2 Qc7 10. Nd1 Nb4 11. Qe4 Nb6 12. a3 Qc6 13. Qxc6+ Nxc6 14. Bd3 Be7 15. Ne3 0-0 16. 0-0 Bd7 17. Be4 Na5 18. Bc3 Nxb3 19. Rab1 c4 20. Nxc4 Nxc4 21. Rxb3 Rab8 22. Rxb7 Rxb7 23. Bxb7 Nxa3 24. Bxa6 Bc6 25. Be2 Bd5 26. Nd4 Nc4 27. Nc2 f6 28. exf6 Bxf6 29. Ne3 Bxc3 30. dxc3 Nxe3 31. fxe3 Rb8 32. Rc1 Rb2 33. Bf1 Kf7 34. c4 Bc6 35. Ra1 Rc2 36. h4 h6 37. Ra3 Kf6 38. Ra5 Be4 39. Ra1 Bc6 40. Kh2 g5 41. hxg5+ hxg5 42. Kg3 Be4 43. Rd1 Ke5 44. Rd8 Rc3 45. Kf2 Rc2+ 46. Kg3 Rc3 47. Kf2 1/2-1/2

[Event "EST-ch"]
[Site "Tallinn"]
[Date "2005.05.11"]
[Round "3"]
[White "Rychagov, Mikhail"]
[Black "Kanep, Meelis"]
[Result "1/2-1/2"]
[WhiteElo "2455"]
[BlackElo "2474"]
[PlyCount "42"]
[EventDate "2005.05.10"]
[EventType "tourn"]
[EventRounds "9"]
[EventCountry "EST"]
[EventCategory "8"]
[SourceTitle "CBM 106 Extra"]
[Source "ChessBase"]
[SourceDate "2005.07.01"]
[SourceVersion "1"]
[SourceVersionDate "2005.07.01"]
[SourceQuality "1"]

1. e4 c5 2. Nf3 d6 3. d4 cxd4 4. Nxd4 Nf6 5. Nc3 a6 6. Bg5 e6 7. f4 Be7 8. Qf3 h6 9. Bh4 Qc7 10. 0-0-0 Nbd7 11. Be2 b5 12. Bxf6 Nxf6 13. e5 Bb7 14. Qg3 dxe5 15. fxe5 Nd5 16. Nxe6 fxe6 17. Qg6+ Kd7 18. Bg4 Qxe5 19. Nxd5 Qg5+ 20. Ne3+ Kc7 21. Qxe6 Bc8 1/2-1/2

[Event "FIN-chT 0405"]
[Site "Finland"]
[Date "2005.01.15"]
[Round "6.1"]
[White "Rychagov, Mikhail"]
[Black "Salo, Tapio"]
[Result "1-0"]
[WhiteElo "2461"]
[BlackElo "2307"]
[PlyCount "117"]
[EventDate "2004.09.18"]
[EventType "team-tourn"]
[EventRounds "9"]
[EventCountry "FIN"]
[SourceTitle "EXT 2022"]
[Source "ChessBase"]
[SourceDate "2021.10.06"]
[SourceVersion "1"]
[SourceVersionDate "2021.10.06"]
[SourceQuality "1"]
[WhiteTeam "Helsinki Gaia"]
[BlackTeam "Salo SK"]
[WhiteTeamCountry "FIN"]
[BlackTeamCountry "FIN"]

1. e4 c6 2. d4 d5 3. e5 Bf5 4. f4 e6 5. Nf3 Qb6 6. Nc3 Ne7 7. Be2 Bg4 8. 0-0 Bxf3 9. Rxf3 Nf5 10. Rd3 h5 11. Bxh5 c5 12. dxc5 Qxc5+ 13. Kh1 Nc6 14. Bg4 g6 15. Bxf5 gxf5 16. Be3 Qa5 17. a3 Be7 18. b4 Qd8 19. Ne2 Qc7 20. Rc1 b5 21. Rc3 Qb7 22. Bc5 Bxc5 23. Rxc5 Ke7 24. c3 a6 25. Nd4 Na7 26. a4 Rac8 27. axb5 Nxb5 28. Nb3 Rh4 29. Qf3 Rxc5 30. Nxc5 Qb6 31. Ra1 Nc7 32. g3 Rh8 33. Qd3 Ra8 34. Kg2 a5 35. Na4 Qc6 36. Qd4 axb4 37. Qxb4+ Ke8 38. Kg1 d4 39. Qxd4 Nd5 40. h3 Qb7 41. Rd1 Qb3 42. Nc5 Qxc3 43. Qxc3 Nxc3 44. Rd3 Nd5 45. Nb7 Ke7 46. Nd6 f6 47. Nxf5+ Kf7 48. exf6 Kxf6 49. Ne3 Ne7 50. Kg2 Ng6 51. Kf3 Ra4 52. h4 Ne7 53. h5 Nc6 54. Rd7 Nd4+ 55. Kg4 e5 56. h6 exf4 57. gxf4 Ne6 58. Nd5+ Kg6 59. h7 1-0

[Event "Keres Memorial rap"]
[Site "Tallinn"]
[Date "2005.01.09"]
[Round "6"]
[White "Rychagov, Mikhail"]
[Black "Gelfand, Boris"]
[Result "0-1"]
[WhiteElo "2442"]
[BlackElo "2693"]
[PlyCount "76"]
[EventDate "2005.01.08"]
[EventType "tourn (rapid)"]
[EventRounds "7"]
[EventCountry "EST"]
[EventCategory "13"]
[SourceTitle "CBM 105"]
[Source "ChessBase"]
[SourceDate "2005.04.11"]
[SourceVersion "1"]
[SourceVersionDate "2005.04.11"]
[SourceQuality "1"]

1. e4 c5 2. Nf3 e6 3. d4 cxd4 4. Nxd4 Nc6 5. Nc3 d6 6. Be3 Nf6 7. f4 e5 8. fxe5 Ng4 9. Bg1 Ngxe5 10. Qd2 Be7 11. 0-0-0 Nxd4 12. Bxd4 0-0 13. Nd5 Be6 14. Be3 Bxd5 15. Qxd5 Ng4 16. Bd4 Qc7 17. Bc4 Nf6 18. Bxf6 Bxf6 19. Rhf1 Be5 20. Rf3 Rac8 21. Bb3 Kh8 22. Rdf1 f6 23. h4 Qb6 24. g4 a5 25. a4 Rc5 26. Qd1 Qb4 27. Qd3 b5 28. Qd2 Bxb2+ 29. Kd1 Qxd2+ 30. Kxd2 bxa4 31. Bxa4 Rc4 32. Bb3 Rxe4 33. Rf4 Re5 34. g5 Rc5 35. Rf5 Bc3+ 36. Kd3 Be5 37. h5 g6 38. hxg6 hxg6 0-1

[Event "FIN-chT 0405"]
[Site "Finland"]
[Date "2004.09.19"]
[Round "2.1"]
[White "Rychagov, Mikhail"]
[Black "Salmensuu, Olli"]
[Result "0-1"]
[WhiteElo "2461"]
[BlackElo "2391"]
[PlyCount "78"]
[EventDate "2004.09.18"]
[EventType "team-tourn"]
[EventRounds "9"]
[EventCountry "FIN"]
[SourceTitle "EXT 2022"]
[Source "ChessBase"]
[SourceDate "2021.10.06"]
[SourceVersion "1"]
[SourceVersionDate "2021.10.06"]
[SourceQuality "1"]
[WhiteTeam "Helsinki Gaia"]
[BlackTeam "Joensuu SK"]
[WhiteTeamCountry "FIN"]
[BlackTeamCountry "FIN"]

1. e4 c5 2. Nf3 d6 3. d4 cxd4 4. Nxd4 Nf6 5. Nc3 g6 6. Be3 Bg7 7. f3 Nc6 8. Qd2 0-0 9. 0-0-0 d5 10. exd5 Nxd5 11. Nxc6 bxc6 12. Bd4 e5 13. Bc5 Be6 14. Ne4 Qb8 15. Bxf8 Qxf8 16. Kb1 Rb8 17. c4 Nb6 18. Qc2 f5 19. Ng5 Bc8 20. c5 Nd5 21. Bc4 Qd8 22. Qd2 h6 23. Ne4 Kh7 24. Nd6 Be6 25. Bb3 e4 26. Rhe1 e3 27. Rxe3 Nxe3 28. Qxe3 Bxb3 29. axb3 f4 30. Qd3 a5 31. Rd2 Qh4 32. h3 Qe1+ 33. Ka2 a4 34. bxa4 Qc1 35. Nc4 Rb4 36. Rc2 Rxa4+ 37. Kb3 Qa1 38. Na3 Ra7 39. Qe2 Bxb2 0-1

[Event "FIN-chT 0405"]
[Site "Finland"]
[Date "2004.09.18"]
[Round "1.1"]
[White "Kulaots, Kaido"]
[Black "Rychagov, Mikhail"]
[Result "1/2-1/2"]
[WhiteElo "2593"]
[BlackElo "2461"]
[PlyCount "66"]
[EventDate "2004.09.18"]
[EventType "team-tourn"]
[EventRounds "9"]
[EventCountry "FIN"]
[SourceTitle "EXT 2022"]
[Source "ChessBase"]
[SourceDate "2021.10.06"]
[SourceVersion "1"]
[SourceVersionDate "2021.10.06"]
[SourceQuality "1"]
[WhiteTeam "Jyvaskyla JyS"]
[BlackTeam "Helsinki Gaia"]
[WhiteTeamCountry "FIN"]
[BlackTeamCountry "FIN"]

1. e4 e5 2. Nf3 Nc6 3. Bb5 a6 4. Ba4 Nf6 5. 0-0 Nxe4 6. d4 b5 7. Bb3 d5 8. dxe5 Be6 9. Nbd2 Nc5 10. c3 d4 11. Ng5 Qxg5 12. Qf3 0-0-0 13. Bxe6+ fxe6 14. Qxc6 Qxe5 15. b4 Qd5 16. Qxd5 exd5 17. bxc5 dxc3 18. Nb3 d4 19. Ba3 g6 20. Bb4 Bg7 21. a4 d3 22. axb5 d2 23. bxa6 c2 24. Nxd2 Bxa1 25. Rxa1 Rhe8 26. Rc1 Re4 27. Bc3 Rc4 28. Rxc2 Rd3 29. Rb2 Rcxc3 30. a7 Ra3 31. Rb8+ Kd7 32. a8Q Rxa8 33. Rxa8 Rxd2 1/2-1/2

[Event "Riga op"]
[Site "Riga"]
[Date "2004.08.21"]
[Round "9"]
[White "Rychagov, Mikhail"]
[Black "Lutsko, Igor"]
[Result "1-0"]
[WhiteElo "2461"]
[BlackElo "2519"]
[PlyCount "75"]
[EventDate "2004.08.15"]
[EventType "swiss"]
[EventRounds "9"]
[EventCountry "LAT"]
[SourceTitle "CBM 101 Extra"]
[Source "ChessBase"]
[SourceDate "2004.09.01"]
[SourceVersion "2"]
[SourceVersionDate "2004.09.01"]
[SourceQuality "1"]

1. e4 c5 2. Nf3 d6 3. d4 cxd4 4. Nxd4 Nf6 5. Nc3 Nc6 6. Bg5 e6 7. Qd2 a6 8. 0-0-0 Bd7 9. f4 b5 10. Bxf6 gxf6 11. Nxc6 Bxc6 12. Bd3 Qb6 13. Rhe1 Be7 14. Qe2 Ra7 15. Qh5 b4 16. Ne2 Qc5 17. f5 e5 18. Ng3 a5 19. b3 a4 20. Bc4 Rf8 21. Kb1 Qa5 22. Re2 Bb7 23. Qxh7 Ba6 24. Bxa6 Qxa6 25. Qh6 Rc7 26. Qd2 Rc3 27. Re3 Rxe3 28. Qxe3 Kd7 29. Qd3 Qb6 30. Nf1 axb3 31. cxb3 Rc8 32. Ne3 Qc5 33. Nd5 Bd8 34. Qd2 Rb8 35. Rc1 Qa7 36. Nxb4 Qa5 37. Rc4 Bb6 38. Qd5 1-0

[Event "Riga op"]
[Site "Riga"]
[Date "2004.08.18"]
[Round "6"]
[White "Rychagov, Mikhail"]
[Black "Sveshnikov, Evgeny"]
[Result "1/2-1/2"]
[WhiteElo "2461"]
[BlackElo "2508"]
[PlyCount "143"]
[EventDate "2004.08.15"]
[EventType "swiss"]
[EventRounds "9"]
[EventCountry "LAT"]
[SourceTitle "CBM 101 Extra"]
[Source "ChessBase"]
[SourceDate "2004.09.01"]
[SourceVersion "2"]
[SourceVersionDate "2004.09.01"]
[SourceQuality "1"]

1. e4 c5 2. Nf3 Nc6 3. d4 cxd4 4. Nxd4 e5 5. Nb5 d6 6. N1c3 a6 7. Na3 b5 8. Nd5 Nf6 9. c4 b4 10. Nxf6+ Qxf6 11. Nc2 Qd8 12. Ne3 Be7 13. Nd5 0-0 14. Be3 Rb8 15. Qd2 h6 16. Nxe7+ Qxe7 17. Be2 Be6 18. 0-0 Rfd8 19. Rac1 a5 20. Bd1 Rdc8 21. Ba4 Nd8 22. Bb5 Nb7 23. Rfd1 Ra8 24. f3 Kh7 25. Qd3 Kg8 26. Qd2 Kh7 27. Qd3 Kg8 28. h3 Qc7 29. Qd2 Rd8 30. Qf2 Nc5 31. Rd2 Rdc8 32. Rcd1 Nb7 33. b3 Qe7 34. Rd3 Qf6 35. f4 exf4 36. Bxf4 Qg6 37. Rg3 Qh5 38. Rd2 a4 39. Bxa4 Nc5 40. Qd4 g6 41. Bb5 Qh4 42. Bxd6 Qxe4 43. Bxc5 Qe1+ 44. Kh2 Rxc5 45. Re3 Qc1 46. Rf2 Rf5 47. Rxf5 Bxf5 48. Bc6 Rf8 49. Bd5 h5 50. Re7 Qc3 51. Qf4 Qf6 52. Qe5 Qxe5+ 53. Rxe5 Bb1 54. Re2 Rc8 55. Rb2 Bf5 56. a4 bxa3 57. Ra2 Rb8 58. Rxa3 Kg7 59. Bc6 Kf6 60. Ba4 Ke5 61. Ra2 Kd6 62. Rd2+ Kc5 63. Kg3 Kb4 64. Re2 f6 65. Re7 g5 66. Rf7 Rb6 67. h4 Be4 68. hxg5 fxg5 69. Rg7 h4+ 70. Kh2 Rg6 71. Rxg6 Bxg6 72. g3 1/2-1/2

[Event "Riga op"]
[Site "Riga"]
[Date "2004.08.17"]
[Round "5"]
[White "Kveinys, Aloyzas"]
[Black "Rychagov, Mikhail"]
[Result "1/2-1/2"]
[WhiteElo "2565"]
[BlackElo "2461"]
[PlyCount "78"]
[EventDate "2004.08.15"]
[EventType "swiss"]
[EventRounds "9"]
[EventCountry "LAT"]
[SourceTitle "CBM 101 Extra"]
[Source "ChessBase"]
[SourceDate "2004.09.01"]
[SourceVersion "2"]
[SourceVersionDate "2004.09.01"]
[SourceQuality "1"]

1. e4 e5 2. Nf3 Nf6 3. d4 Nxe4 4. Bd3 d5 5. Nxe5 Nd7 6. Nxd7 Bxd7 7. 0-0 Bd6 8. Nc3 Nxc3 9. bxc3 0-0 10. Qh5 f5 11. Re1 c6 12. Bg5 Qc7 13. c4 Be8 14. Qh3 dxc4 15. Bxc4+ Bf7 16. Be6 Bxe6 17. Rxe6 Rae8 18. Rae1 Rxe6 19. Rxe6 Qd7 20. Qb3 Rf7 21. h4 f4 22. h5 h6 23. Bh4 Kf8 24. Qh3 Bc7 25. c3 c5 26. dxc5 Qd1+ 27. Kh2 f3+ 28. g3 Qd2 29. Kg1 Qc1+ 30. Qf1 Qxc3 31. Qb5 Kg8 32. Re8+ Rf8 33. Kh2 Qc2 34. Kh3 Rxe8 35. Qxe8+ Kh7 36. Kg4 Qxf2 37. Qg6+ Kh8 38. Qe8+ Kh7 39. Qg6+ Kh8 1/2-1/2